00580nam a2200169Ia 4500020001500000020001800015040000800033082002600041100002100067245010800088260005200196300005200248490005700300650002000357650001900377650001400396 a9744800909 a9789744800909 cNNY a746 WHI 2005 A087 Or.1 aSon, Chu Thái.10aPatterns on textiles and other objects of the Êdê and Mnông in the central highlands of Vietnam / aBangkok, Thailand :bWhite Lotus Press,cc2005. axix, 163 p. :bill. (some col.), maps ;c30 cm.1 aStudies in the material cultures of Southeast Asia ; 0aTextile fabrics 0aTextile design 0aEthnology